logo

Bir Sreshtho Munshi Abdur Rouf Library
Jhenaidah Cadet College

Laboratory Manual of General Biology / (Record no. 7760)

MARC details
000 -LEADER
fixed length control field 00534nam a22002057a 4500
001 - CONTROL NUMBER
JCCL Control Number 7760
003 - CONTROL NUMBER IDENTIFIER
JCCL marc code BD-JhCC
005 - DATE AND TIME OF LATEST TRANSACTION
control field 20180222133154.0
008 - FIXED-LENGTH DATA ELEMENTS--GENERAL INFORMATION
fixed length control field 180213s1968 uk |||| |||| 000 0 eng d
035 ## - SYSTEM CONTROL NUMBER
system control number (BD-JhCC)
040 ## - CATALOGING SOURCE
Original cataloging agency BD-JhCC
Modifying agency BD-JhCC
041 ## - LANGUAGE CODE
Language code of Book eng
082 ## - DEWEY DECIMAL CLASSIFICATION NUMBER
Classification number 574
Author mark and Year SCH 1968
100 ## - MAIN ENTRY--PERSONAL NAME
Personal name Schonberger, Clinton F.
245 ## - TITLE STATEMENT
Title Laboratory Manual of General Biology /
Statement of responsibility, etc Clinton F. Schonberger
260 ## - PUBLICATION, DISTRIBUTION, ETC. (IMPRINT)
Place of publication, distribution, etc London:
Name of publisher, distributor, etc W. B. Saunders Company;
Date of publication, distribution, etc 1968
300 ## - PHYSICAL DESCRIPTION
Pagination 375 p;,
Dimensions 26 cm
650 ## - SUBJECT ADDED ENTRY--TOPICAL TERM
Topical term or geographic name as entry element Biology
942 ## - ADDED ENTRY ELEMENTS (KOHA)
Source of classification or shelving scheme Dewey Decimal Classification
Koha item type Books
Holdings
Source of classification or shelving scheme Damaged status Not for loan Home library Current library Shelving location Total Checkouts Full call number Barcode Date last seen Copy number Koha item type
Dewey Decimal Classification     JCC Rouf Library JCC Rouf Library General Stacks   574 SCH 1968 10207 02/13/2018 C-1 Books

JCC Library | Contacts | JCC Home

Last Update on 23 September 2017
Copyright @ 2017-2020 JCC Rouf Library
Rouf Library, Jhenidah Cadet College (JCC), Bangladesh